000 00295nam a2200109Ia 4500
008 201231s9999 xx 000 0 und d
100 _aSinger, Milton and Cohn, Bernard S.
245 0 _aStructure and Change In Indian Society
260 _aJaipur
_bRawat Publications
300 _a507
942 _cBK
999 _c9486
_d9486